00857cam a2200241u 45000010005000000030008000050050017000130080041000300350018000710400035000890410008001240820017001321000058001492450100002072500011003072600033003183000020003516500035003716500040004069420012004469990015004589520142004733623BD-RjUL20211208233747.0131219s1957 enk 001 0 eng d a(BD-RjUL)3657 aDLCcCarPdDLCd(BD-RjUL)beng aeng04a340.069bBOG1 aBoulton, William Whytehead. [from old catalog]91147502aA guide to conduct and etiquette at the bar of England and Wales. /cBoulton, William Whytehead a2d ed. aLondon,bButterworth,c1957. a99 p. ;c22 cm. 0aLawyerszGreat Britain.911476 0aLegal ethicszGreat Britain.911477 2ddccBK c3623d3623 00102ddc40718NFICaRUCLbRUCLcReadingd1958-08-05eMahmud Brossg7.00l0o340.069 BOG 1957r2013-12-19 00:00:00tC-1w2021-12-08yBK